| 000 | 00787nam a2200253 a 4500 | ||
|---|---|---|---|
| 001 | 38155 | ||
| 003 | (BD-RjUL) | ||
| 005 | 20211209052735.0 | ||
| 008 | 150917b2010 ii ||||e |||| 00| 0 eng d | ||
| 020 | _a8126501073 | ||
| 035 | _a(BD-RjUL)38260 | ||
| 040 |
_aBD-RjUL _beng |
||
| 041 | _aeng | ||
| 082 |
_223 _a428.0076 _bPYC |
||
| 100 |
_aPyle, Michael A. _9118061 |
||
| 245 |
_aCliffs TOEFL : _bPreparation Guide ; Test of English As a Foreign Language/ _cMichael A. Pyle and Mary Ellen Munoz Page |
||
| 246 | _aCliffs TOEFL | ||
| 250 | _aSpecial Edition | ||
| 260 |
_aNew Delhi : _bIDG Books India (P) Ltd. _c2010. |
||
| 300 |
_a659p. _c24 cm. + _e1 compact disc |
||
| 650 |
_aEnglish Language _zBritish _9117655 |
||
| 700 |
_aPage, Mary Ellen Munoz. _9118065 |
||
| 942 |
_2ddc _cAVM |
||
| 999 |
_c38155 _d38155 |
||